Quizzes
Events
Quiz Creation
Community
Videos
Private Events
Remove Ads
Sign In
Join for FREE
Feedback
Dark Mode
Quiz Categories
Sports
Geography
Music
Movies
Television
Just For Fun
Miscellaneous
History
Literature
Language
Science
Gaming
Entertainment
Religion
Holiday
For Kids
Quiz Lab
Recent
Popular Today
Quiz Kudos Today
Editor Picks
Curator Picks
Quizzes by...
Day
Popularity
Type
Ratings
Length
Year
Community
Subscriptions
Recent Discussions
Orange Saloon
Badges
Playlists
Quests
Create
Leaderboards
Showdown
Live 5
Trivia Bingo
Activity
Puzzle Library
Sporcle Events
Private Events
Virtual Trivia
Globe League
Become a Host
Pub Owners
SporcleCon
Opinionation
Our Games
Videos
Blog
Mobile Apps
Partnerships
Remove Ads and Go Orange
Feedback
Geography
Country
Landmarks
City
State
Population
World
Capital
Continent
Flags
Europe
Africa
Asia
South America
North America
Oceania
Border
Canada
United Kingdom
Topography
United States
Geography
Country
Landmarks
City
State
Population
World
Capital
Continent
Flags
Europe
Africa
Asia
South America
North America
Oceania
Border
Canada
United Kingdom
Topography
United States
Random Quiz
Search Sporcle
×
Quiz Lab
Quiz Lab
Geography
Country
Type in answers that appear in a list
Type in answers that appear in a list
Classic
Best Score? Go Orange.
Country Groupings Stats
Can you name the Country Groupings
By
ChapelThrill
10m
86 Questions
63 Plays
63 Plays
63 Plays
Comments
Comments
Give Quiz Kudos
Give Quiz Kudos
-
- Ratings
hide this ad
Replay
Link that replays current quiz
Next Quiz
Link to next quiz in quiz playlist
You Got
0%
They Got
Avg Score
83%
Avg Friend Score
Upgrade to see
Score Distribution
Jump to the score distribution portion of the page
Score
0/86
Timer
10:00
0
Plays Today
% Correct
Germany
100%
USA
100%
UK
100%
Germany
100%
USA
100%
USA
100%
Canada
98.4%
Russia
98.4%
Mexico
98.4%
Canada
98.4%
Mexico
98.4%
Italy
96.8%
Brazil
96.8%
China
96.8%
Belgium
96.8%
Finland
96.8%
Italy
96.8%
Spain
96.8%
Sweden
96.8%
Brazil
96.8%
France
95.2%
Japan
95.2%
Argentina
95.2%
Austria
95.2%
France
95.2%
Ireland
95.2%
Netherlands
95.2%
Argentina
95.2%
Denmark
93.7%
% Correct
Portugal
93.7%
Norway
93.7%
Switzerland
93.7%
Greece
92.1%
Luxembourg
92.1%
Poland
92.1%
Iceland
92.1%
Latvia
90.5%
Lithuania
90.5%
Slovenia
90.5%
Colombia
90.5%
Australia
88.9%
India
88.9%
Croatia
88.9%
Peru
88.9%
Estonia
87.3%
Hungary
87.3%
Czech Republic
85.7%
Slovakia
85.7%
Venezuela
85.7%
South Africa
84.1%
Turkey
84.1%
Bulgaria
84.1%
Romania
84.1%
Bolivia
84.1%
Paraguay
84.1%
Uruguay
84.1%
Cyprus
82.5%
Dominican Republic
82.5%
% Correct
Ecuador
82.5%
South Korea
81%
Dominica
81%
Haiti
81%
Suriname
81%
Malta
79.4%
Liechtenstein
79.4%
Guatemala
79.4%
Bahamas
79.4%
Guyana
79.4%
St. Lucia
77.8%
Indonesia
76.2%
Saudi Arabia
76.2%
El Salvador
76.2%
Belize
76.2%
St. Kitts and Nevis
76.2%
Costa Rica
74.6%
Honduras
74.6%
Antigua and Barbuda
73%
BArbados
73%
Trinidad and Tobago
73%
St. Vincent and Grenadines
71.4%
Grenada
66.7%
EU
15.9%
United Kingdom
15.9%
Montserrat
9.5%
Niceragua
3.2%
Jamaiaca
3.2%
Quiz Playlist
Details
Report
Send in Message
Add To Playlist
Classic:
Type in answers that appear in a list
Last Updated: Feb 16, 2017
Quiz Scoreboard
CHALLENGE
Sign Up to Join the Scoreboard
Show All
Scores
Hide
Comments
May contain spoilers
Recently Published
Pick 6: Fruits
by JohnFran
Miscellaneous
15s
Click the 1999 NBA Draft
by nibperrychub
Sports
2m
Alphabetical 'K' Countries by Flag Minefield
by ylime102
Geography
3m
More to Explore
Quiz From the Vault
Featured Blog Post
15 Basketball Trivia Facts You Can Be March Mad About
hide this ad
You Might Also Like...
Tags
Country Quiz
Today's Top Quizzes in Geography
Browse Geography
hide this ad
Today's Top Quizzes in Country
Browse Country
Top Contributed Quizzes in Geography
1
Countries of the World - No Outlines Minefield
2
Find the Landmarks A-Z
3
Lietuvos savivaldybės (Lithuanian Municipalities)
4
Blind Ultimate Minefield: World
5
Ultimate Geography Challenge 'A'
6
Find the US States - No Outlines
7
3, 2, 1 or 0: Land Borders
8
Complete the Map Snippet (Minefield) IX
9
Nickname Match: U.S. States
10
Complete the Map Snippet (Minefield) X
Explore More
Trending Topics
Disney
Marvel
Harry Potter
NBA
Kpop
Crossword
Anime
Country
Pokémon
Puzzle
Soccer
Song
WWE
The Office
NFL
hide this ad
More By:
ChapelThrill
Quiz
Plays
Rating
Category
Featured
Created
Country Groupings
63
1.50
Geography
Dec 6, 2014
Go to Creator's Profile
Score Distribution
Quiz Creator Spotlight
ChapelThrill
Follow
Send a Message
Quizzes Created
-
Created Quiz Play Count
-
More By This Creator
Popular Quizzes Today
1
Countries of Asia Without Outlines Minefield
2
Find the US States - No Outlines Minefield
3
Pick 6: Fruits
4
Alphabetical 'K' Countries by Flag Minefield
5
The Countries of the World
6
Click the 1999 NBA Draft
7
Match the Book to the Film X
8
Find the US States
More Geography Quizzes
States With a Top 50 City Minefield
Published
Trending Quizzes
Pick 6: Harry Potter
Pick 6: Golfers
Donkey Kong Minefield
DC Extended Universe: Oldest to Newest
Multiplication Danger Zone
Recently Updated
Women's Final Four Teams by Year
bhenderson79
Presidents Quartet II
eogle
Anything But Clue(do)
eogle
Anything But Oceanian Capitals
eogle
Anything But 7
eogle
Anything But Thing
eogle
Word Ladder: February 29
pecheneg
Song Title Questions
pecheneg
Women's NCAA Tournament #1 Seeds
pecheneg
Celebrity Mug Shots
pecheneg
Trending Topics
Anime
Crossword
NBA
Kpop
Harry Potter
Marvel
Disney
NFL
Puzzle
WWE
Song
Soccer
Pokémon
The Office
Country
Your Account Isn't Verified!
In order to create a playlist on Sporcle, you need to verify the email address you used during registration. Go to your
Sporcle Settings
to finish the process.
Report this User
Report this user for behavior that violates our
Community Guidelines
.
Details:
Send Report
Go to the Sporcle.com Mobile Site →
Comments